000 00699nam a2200289Ia 4500
005 20260324141651.0
008 008 260324s9999 xx 000 0 eng d
020 _a9780203360217
037 _aEBOOK
040 _aCRL
040 _beng
040 _cCRL
041 _2eng
041 _aeng
084 _qCRL
100 _aAlan Bryman; Duncan Cramer
_9999986
245 0 _aQuantitative Data Analysis with Minitab
245 2 _bA Guide for Social Scientists
260 _bTaylor and Francis
260 _c1996
365 _a
365 _b190
856 _uhttp://www.taylorfrancis.com/books/9780203360217
942 _cEBOOK
999 _c1812393
_d1812393